Entry Personal Name
Number of records used in: 4
001 - CONTROL NUMBER
003 - CONTROL NUMBER IDENTIFIER
005 - DATE AND TIME OF LATEST TRANSACTION
- control field:
20230918150112.0
008 - FIXED-LENGTH DATA ELEMENTS
- fixed length control field:
790622n| azannaabn |b aaa
010 ## - LIBRARY OF CONGRESS CONTROL NUMBER
- LC control number:
n 79054179
016 ## - NATIONAL BIBLIOGRAPHIC AGENCY CONTROL NUMBER
- Record control number:
0072D8213E
024 7# - OTHER STANDARD IDENTIFIER
- Standard number or code:
0000000121027147
- Source of number or code:
isni
035 ## - SYSTEM CONTROL NUMBER
- System control number:
(OCoLC)oca00287317
040 ## - CATALOGING SOURCE
- Original cataloging agency:
DLC
- Language of cataloging:
eng
- Description conventions:
rda
- Transcribing agency:
DLC
- Modifying agency:
DLC
- Modifying agency:
IEN
- Modifying agency:
OCoLC
- Modifying agency:
InU
- Modifying agency:
DLC
- Modifying agency:
UPB
- Modifying agency:
DLC
- Modifying agency:
CU-S
- Modifying agency:
HU
- Modifying agency:
DLC
- Modifying agency:
CaOONL
- Modifying agency:
NL-TiUL
042 ## - AUTHENTICATION CODE
046 ## - SPECIAL CODED DATES
- Birth date:
1935-11-01
- Death date:
2003-09-25
- Source of date scheme:
edtf
100 1# - HEADING--PERSONAL NAME
- Personal name:
Said, Edward W.
370 ## - ASSOCIATED PLACE
- Place of birth:
Jerusalem
- Place of death:
New York (N.Y.)
- Place of residence/headquarters:
New York (N.Y.)
- Source of term:
naf
372 ## - FIELD OF ACTIVITY
- Field of activity:
Comparative literature
- Field of activity:
English literature
- Field of activity:
Postcolonialism
- Source of term:
lcsh
373 ## - ASSOCIATED GROUP
- Associated group:
Princeton University
- Associated group:
Harvard University
- Associated group:
Stanford University
- Associated group:
Johns Hopkins University
- Associated group:
Columbia University
- Source of term:
naf
373 ## - ASSOCIATED GROUP
- Associated group:
Palestinian National Council
374 ## - OCCUPATION
- Occupation:
College teachers
- Source of term:
lcsh
377 ## - ASSOCIATED LANGUAGE
- Language code:
eng
- Language code:
ara
- Language code:
fre
400 1# - SEE FROM TRACING--PERSONAL NAME
- Personal name:
Said, Edward William
400 0# - SEE FROM TRACING--PERSONAL NAME
- Personal name:
Aiḍvarḍ Saʻīd
400 1# - SEE FROM TRACING--PERSONAL NAME
- Personal name:
Saʻīd, Aiḍvarḍ
400 1# - SEE FROM TRACING--PERSONAL NAME
- Personal name:
Saʻīd, Idwārd W.
400 0# - SEE FROM TRACING--PERSONAL NAME
400 1# - SEE FROM TRACING--PERSONAL NAME
- Personal name:
Sayide, Aidehua
400 1# - SEE FROM TRACING--PERSONAL NAME
- Personal name:
סעיד, אדוארד
400 1# - SEE FROM TRACING--PERSONAL NAME
- Personal name:
سعيد، إدوارد
400 1# - SEE FROM TRACING--PERSONAL NAME
- Personal name:
سعيد، إدوارد و.
400 1# - SEE FROM TRACING--PERSONAL NAME
- Personal name:
سعيد، ادورد
400 1# - SEE FROM TRACING--PERSONAL NAME
400 1# - SEE FROM TRACING--PERSONAL NAME
- Personal name:
Said, Edward Wadie
400 1# - SEE FROM TRACING--PERSONAL NAME
- Personal name:
Said, Eduardo
670 ## - SOURCE DATA FOUND
- Source citation:
Joseph Conrad and the fiction of autobiography, 1966.
670 ## - SOURCE DATA FOUND
- Source citation:
al-Istishrāq, 1981:
- Information found:
t.p. (Idwārd W. Saʻīd)
670 ## - SOURCE DATA FOUND
- Source citation:
Tʻal kujojuŭi ŭi ihae, 1988:
- Information found:
t.p. (Saidŭ)
670 ## - SOURCE DATA FOUND
- Source citation:
Rouleau, E. Infor. and misinform. in Euro-Arab relations, 1988:
- Information found:
t.p. (Edward Said)
670 ## - SOURCE DATA FOUND
- Source citation:
Nationalism, colonialism, and literature, 1988:
- Information found:
t.p. (Edward W. Said) Brit. Lib. CIP data, t.p. verso (Said, Edward W. (Edward William [sic]))
670 ## - SOURCE DATA FOUND
- Source citation:
Not quite right, 1999:
- Information found:
CIP t.p. (Edward W. Said) galley (univ. prof. of English and comparative lit., Columbia University; b. 1935 in Palestine; raised in Cairo; former member, Palestinian Natl. Council of the PLO)
670 ## - SOURCE DATA FOUND
- Source citation:
New York times, 09-26-03:
- Information found:
p. A23 (Edward W. Said, univ. prof. of English and literary critic at Columbia Univ.; died Sept. 24, 2003)
670 ## - SOURCE DATA FOUND
- Source citation:
Covering Islam, 1997:
- Information found:
p. 1 (Edward W. Said was born in Jersualem, Palestine; received his B.A., from Princeton, and his M.A. and Ph.D. from Harvard; visiting professor of Comparative Literature at Harvard; fellow at the Center of Advanced Study in the Behavioral Sciences at Stanford; Visiting profesor of Humanities at Johns Hopkins; Professor of English and Comparative Literature at Columbia University. He died in 2003.)
670 ## - SOURCE DATA FOUND
- Source citation:
Zhi shi fen zi lun, 1997:
- Information found:
t.p. (Aidehua Sayide [chi rom.])
670 ## - SOURCE DATA FOUND
- Source citation:
Biog. resource center (Contemp. authors), Han. 15, 2010
- Information found:
(Edward W. Said; b. Nov. 1, 1935, Jerusalem; d. Sept. 25, 2003; immigrated to United States, 1951; Harvard University, Ph. D., 1964; Columbia University, university professor, 1992-2002)
670 ## - SOURCE DATA FOUND
- Source citation:
Digital dissertations, Jan. 15, 2010
- Information found:
(Said, Edward William, Ph. D., Harvard University, 1964--The letters and the shorter fiction of Joseph Conrad)
670 ## - SOURCE DATA FOUND
- Source citation:
Wikipedia viewed via the WWW September 9, 2011
- Information found:
(died September 25, 2003)
670 ## - SOURCE DATA FOUND
- Source citation:
Possibilities of hope, 2011:
- Information found:
t.p. (Edward Said) added t.p. (Aiḍvarḍ Saʻīd)
670 ## - SOURCE DATA FOUND
- Source citation:
Wikipedia website, November 28, 2017:
- Information found:
individual entry (Edward Wadie Said was a professor of literature, a public intellectual and a founder of the academic field of postcolonial studies)
- Uniform Resource Identifier:
https://en.wikipedia.org/wiki/Edward_Said
670 ## - SOURCE DATA FOUND
- Source citation:
Places of mind, 2021:
- Information found:
CIP t.p. (Edward Said) galley (Said's FBI file actually refers to him as “Eduardo Said, aka Ed Said”;